Holendrzy w Realu Madryt - nagła śmierć - Statystyki

Ogólne statystyki
  • Ten quiz został rozwiązany 106 razy
  • Średni wynik to 5 z 7
Answers on the Grid
Answers color-coded by a green-red scale on the quiz's grid according to % correct below.
Mark van Bommel
Giovanni van Bronckhorst
Edgar Davids
Royston Drenthe
Klaas-Jan Huntelaar
Patrick Kluivert
Dirk Kuyt
Ruud van Nistelrooy
Robin van Persie
Arjen Robben
Clarence Seedorf
Wesley Sneijder
Jaap Stam
Rafael van der Vaart
 
Statystyki odpowiedzi
Odpowiedź % Poprawnych
Arjen Robben
94%
Ruud van Nistelrooy
85%
Wesley Sneijder
74%
Klaas-Jan Huntelaar
72%
Rafael van der Vaart
70%
Clarence Seedorf
67%
Royston Drenthe
62%
Nie znaleziono quizów pasujących do podanych kryteriów
Rozkład punktacji
Procent ludzi z każdym wynikiem
Percentyl według liczby udzielonych odpowiedzi
Twoja historia wyników
Nie rozwiązałeś tego quizu